000 00981nam a2200289 i 4500
003 DO-SdBNP
005 20240410100852.0
007 ta
008 240315s2023 dr 000 0 spa d
020 _a9789945940794
040 _aDO-SdBNP
_bspa
_cBNPHU
_erda
082 4 _bO49u
_222
100 1 _aOlivo Peña, Gustavo,
_953018
_d1958-
_eautor
245 1 3 _aUn hombre discreto :
_by otras historias /
_cGustavo Olivo Peña ; prólogo, José Enrique García
264 _aSanto Domingo :
_bRío de Oro.
_c2023.
300 _a126 páginas
_c22 cm.
336 _2rdacontent
_atexto
_btxt
337 _2rdamedia
_asin mediación
_bn
338 _2rdacarrier
_avolumen
_bnc
490 _aLogos
500 _aIncluye datos biográficos del autor en la solapa de la cubierta.
586 _aPremio Nacional de Cuento, José Ramón López, 2022.
590 _aInventariado, 2024/ YL
700 1 _aGarcía, José Enrique,
_eprólogo
_984660
910 _aYLockward
942 _2ddc
_cLBS1
999 _c56120
_d56120